Statistics for Jumanji the Movie - Quiz

Click here to take the quiz!

General Stats

  • This quiz has been taken 141 times
  • The average score is 6 of 19

Answer Stats

HintAnswer% Correct
The word to say to end the gameJumanji
84%
Player 2Alan Parrish
57%
Effect #4Monkeys
51%
Effect #5Lion
47%
Effect #1Bats
43%
Effect #8Herd of animals
42%
Effect #13Giant spiders
41%
Player 4Peter Shepherd
41%
Player 1Sarah Whittle
40%
Player 3Judy Shepherd
36%
Effect #7Big-game hunter Van Pelt
28%
Effect #14Earthquake
28%
Effect #3Giant mosquitoes
27%
Effect #2Alan gets sucked into the game
22%
Effect #11Quicksand
19%
Effect #10Moonsoon / Crocodiles
9%
Effect #9Peter turns into monkey
9%
Effect #6Carnivorous vine plants
8%
Effect #12Cancellation of previous effect
6%

Score Distribution

Percentile by Number Answered

Percent of People with Each Score

Your Score History

You have not taken this quiz